5 majeur All-Time des franchises NBA (Ouest) - Statistiques

Statistiques générales
  • Ce quiz a été pris 25 fois
  • Le résultat moyen est 45 sur 105
Statistiques - réponses
Franchises Postes Réponses % Correct
Blazers Meneur Damian Lillard
95%
Ailier Kobe Bryant
90%
Arrière James Harden
86%
Lakers Meneur Magic Johnson
86%
Pivot Shaquille O'Neal
86%
Spurs Meneur Tony Parker
86%
Sixième Homme (Ailier) Kawhi Leonard
81%
Pivot Nikola Jokic
81%
Ailier Fort Tim Duncan
81%
Clippers | Pelicans Meneur Chris Paul
76%
Arrière David Thompson
76%
Ailier Fort Draymond Green
76%
Arrière Jerry West
76%
Ailier Kevin Durant
76%
Arrière Klay Thompson
76%
Arrière Luka Doncic
76%
Arrière Manu Ginobili
76%
Thunder Meneur Russell Westbrook
76%
Warriors Meneur Stephen Curry
76%
Pivot Anthony Davis
71%
Arrière Anthony Edwards
71%
Sixième Homme Baron Davis
71%
Pivot David Robinson
71%
Nuggets Meneur Jamal Murray
71%
Ailier Fort Karl Malone
71%
Coach Michael Malone
71%
Ailier Fort Moses Malone
71%
Pivot Rudy Gobert
71%
Sixième Homme Walter Davis
71%
Arrière Devin Booker
67%
Ailier Fort Dirk Nowitzki
67%
Arrière Ja Morant
67%
Ailier Fort Kareem Abdul-Jabbar
67%
Coach Steve Kerr
67%
Ailier Fort Carmelo Anthony
62%
Pivot Hakeem Olajuwon
62%
Pivot Marc Gasol
62%
Coach Monty Williams
62%
Sixième Homme (Ailier fort) Pao Gasol
62%
Pivot Wilt Chamberlain
62%
Sixième Homme (Pivot) Arvydas Sabonis
57%
Ailier Fort Blake Griffin
57%
Ailier Fort Kevin Garnett
57%
Jazz Meneur John Stockton
52%
Arrière Shai Gilgeous-Alexander
52%
Suns Meneur Steve Nash
52%
Ailier Clyde Drexler
48%
Mavericks Meneur Jason Kidd
48%
Kings Meneur Oscar Robertson
48%
Ailier Fort Charles Barkley
43%
Pivot Chet Holmgren
43%
Grizzlies Meneur Mike Conley
43%
Coach Phil Jackson
43%
Pivot DeAndre Jordan
38%
Coach Greg Popovitch
38%
Ailier Fort Zion Williamson
38%
Pivot Karl-Anthony Towns
33%
Ailier Fort Zach Randolph
33%
Pivot Amara Stoudemire
29%
Ailier Fort Chris Webber
29%
Ailier Tony Allen
29%
Sixième Homme (Ailier) Elgin Baylor
24%
Coach Mark Daigneault
24%
Ailier Fort Serge Ibaka
24%
Ailier Tracy McGrady
24%
Arrière Brandon Roy
19%
Ailier George Gervin
19%
Arrière Jrue Holiday
19%
Ailier Fort Rasheed Wallace
19%
Sixième Homme (Pivot) Yao Ming
19%
Ailier Adrian Dantley
14%
Pivot Bill Walton
14%
Coach Doc Rivers
14%
Sixième Homme Jason Terry
14%
Sixième Homme (Ailier Fort) Kevin Love
14%
Coach Mike D'antoni
14%
Sixième Homme Rick Barry
14%
Coach Rick Carlisle
14%
Timberwolves Meneur Ricky Rubio
14%
Ailier Alex English
10%
Rockets Meneur Calvin Murphy
10%
Sixième Homme Jamal Crawford
10%
Coach Jerry Sloan
10%
Coach Lionel Hollins
10%
Ailier Mark Aguirre
10%
Arrière Mitch Richmond
10%
Ailier Peja Stojakovic
10%
Sixième Homme Pete Maravich
10%
Ailier Corey Maggette
5%
Sixième Homme Dan Issel
5%
Arrière Jeff Hornacek
5%
Pivot Jerry Lucas
5%
Arrière Ron Harper
5%
Coach Rudy Tomjanovich
5%
Pivot Shawn Bradley
5%
Ailier Shawn Marion
5%
Ailier Wally Szczerbiak
5%
Coach Jack Ramsay
0%
Sixième Homme Nate Archibald
0%
Sixième Homme Nick Collison
0%
Coach Rick Adelman
0%
Coach Ryan Saunders
0%
Aucun quiz correspondant
Distribution des résultats
% des personnes avec chaque résultat
Percentile par nombre de réponses
Votre historique - résultats
Vous n’avez pas pris ce quiz